000 00731nam a22002057a 4500
005 20251108164307.0
008 250721s1997 xx 000 0 ara d
082 1 4 _a355.028/شرع
100 1 _aالشرع، صادق
245 1 0 _aحروبنا مع إسرائيل 1947- 1976 :
_bمعارك خاسرة و إنتصارات ضائعة /
264 1 _aعمان :
_bدار الشروق،
_c1997.
300 _a608ص.
650 1 7 _aالحرب
650 1 7 _aالحرب العربية الإسرائيلية 1973
650 1 7 _aالتاريخ الحديث
650 1 7 _aالحرب العربية الإسرائيلية 1948
650 1 7 _aالحرب العربية الإسرائيلية 1967
942 _2ddc
_cBK
999 _c8575
_d8575